00000000nam##2200000za#4500
0019.613248
003CaOODSP
00520200327130530
007ta
008150406|1995||||xxc|||||     f|0| 0 eng|d
022 |a0706-6457
040 |aCaOODSP|beng
043 |an-cn---
0861 |aFs97-6/2103E
1101 |aCanada. |bDepartment of Fisheries and Oceans.
24510|aFisheries and population biology of lobsters (Homarus americanus) at Boswarlos, Port au Port, Newfoundland / |cby G. P. Ennis.
260 |aOttawa - Ontario : |bFisheries and Oceans Canada |c1995.
300 |aiv, 18p. : |bfig., map, references ; |c28 cm.
4901 |aCanadian technical report of fisheries and aquatic sciences|x0706-6457|v2103
500 |aPrepared at the Science Branch, Department of Fisheries and Oceans, Department of Fisheries and Oceans, P.O. Box 5667, St. John's, Newfoundland A1C 5X1.
546 |aRésumés en français
563 |aSoftcover
590 |a96-28|b1996-07-12
69007|aShellfish|2gcpds
7201 |aEnnis, G. P.
7760#|tFisheries and population biology of lobster (Homarus americanus) at Boswarlos, Port au Port Bay, Newfoundland / |w(CaOODSP)9.573892
830#0|aCanadian technical report of fisheries and aquatic sciences,|x0706-6457|v2103|w(CaOODSP)9.514691